The End of globalization : Lessons from the great depression (Record no. 41980)

MARC details
000 -LEADER
fixed length control field 00344nam a2200121Ia 4500
020 ## - INTERNATIONAL STANDARD BOOK NUMBER
ISBN 0674004744
082 ## - DEWEY DECIMAL CLASSIFICATION NUMBER
Classification number 339
Item number JAM
100 ## - MAIN ENTRY--AUTHOR NAME
Personal name James, Harold
245 #4 - TITLE STATEMENT
Title The End of globalization : Lessons from the great depression
260 ## - PUBLICATION, DISTRIBUTION, ETC. (IMPRINT)
Place of publication Cambridge
Name of publisher Harward University Press
Year of publication 2001
942 ## - ADDED ENTRY ELEMENTS (KOHA)
Koha item type Books
Holdings
Withdrawn status Lost status Damaged status Not for loan Home library Current library Date acquired Cost, normal purchase price Full call number Accession Number Koha item type
        RRII Library RRII Library 16/12/2021 39.95 339 JAM 22260 Books